| Tag |
First Indicator |
Second Indicator |
Subfields |
| LEADER |
00000cam a2200000 a 4500 |
| 001 |
in00000086135 |
| 005 |
20151008062550.0 |
| 008 |
770705r19761942nbuab b 00010 eng d |
| 035 |
|
|
|a (OCoLC)03094003
|
| 035 |
|
|
|9 AAK0488AM
|
| 040 |
|
|
|a MIA
|c MIA
|d m.c.
|d TXA
|d UtOrBLW
|
| 043 |
|
|
|a n------
|a n-us-mt
|
| 049 |
|
|
|a TXAM
|c [1195864]
|
| 090 |
|
|
|a H31
|b .M73 no. 1, 1976
|
| 100 |
1 |
|
|a Mulloy, William T.
|q (William Thomas),
|d 1917-1978.
|
| 245 |
1 |
4 |
|a The Hagen site :
|b a prehistoric village on the lower Yellowstone /
|c by William Mulloy ; with articles by Everett Olson and Richard Snodgrasse ; Harry Holbert Turney-High, editor.
|
| 264 |
|
1 |
|a Lincoln, Neb. :
|b J & L Reprints,
|c 1976.
|
| 300 |
|
|
|a ix, 106 pages :
|b illustrations, map ;
|c 24 cm.
|
| 336 |
|
|
|a text
|b txt
|2 rdacontent
|
| 337 |
|
|
|a unmediated
|b n
|2 rdamedia
|
| 338 |
|
|
|a volume
|b nc
|2 rdacarrier
|
| 490 |
1 |
|
|a Reprints in anthropology ;
|v v. 4
|
| 500 |
|
|
|a Reprint. Originally published: 1942. (University of Montana Publications in the social sciences ; number 1).
|
| 500 |
|
|
|a "Research performed by the Montana Archeological Survey; a project of the Work Projects Administration."
|
| 504 |
|
|
|a Bibliography: pages 104-106.
|
| 650 |
|
0 |
|a Indians of North America
|z Montana.
|
| 651 |
|
0 |
|a Montana
|x Antiquities.
|
| 700 |
1 |
|
|a Olson, Everett C.
|q (Everett Claire),
|d 1910-1993.
|
| 700 |
1 |
|
|a Snodgrasse, Richard Montgomery.
|
| 700 |
1 |
|
|a Turney-High, Harry Holbert,
|d 1899-1982.
|
| 710 |
2 |
|
|a Montana Archeological Survey.
|
| 710 |
1 |
|
|a United States.
|b Work Projects Administration (Mont.)
|
| 830 |
|
0 |
|a University of Montana publications in the social sciences ;
|v no. 1.
|
| 830 |
|
0 |
|a Reprints in anthropology ;
|v v. 4.
|
| 999 |
|
|
|a MARS
|
| 999 |
f |
f |
|s f53b697f-d272-3496-a7ca-3ef997089635
|i b2389ef3-b8c7-3344-a938-6ea0a088bcf3
|t 0
|
| 952 |
f |
f |
|p ric
|a Texas A&M University
|b Rellis Campus
|c Joint Library Facility
|d Remote Storage
|t 0
|e H31 .M73 no. 1, 1976
|h Library of Congress classification
|i unmediated -- volume
|m A14806117844
|
| 998 |
f |
f |
|a H31 .M73 no. 1, 1976
|t 0
|l Remote Storage
|